[Event "DEN-ch G5-2"]
[Site "Svendborg"]
[Date "2022.04.17"]
[Round "4"]
[White "Jensen, Rene Toftgaard"]
[Black "Kiel, Jorgen"]
[Result "1-0"]
[WhiteElo "1882"]
[BlackElo "1826"]
[PlyCount "71"]
[EventDate "2022.04.14"]
[EventType "tourn"]
[EventRounds "5"]
[EventCountry "DEN"]
[SourceTitle "EXT 2024"]
[Source "ChessBase"]
[SourceDate "2023.10.10"]
[SourceVersion "1"]
[SourceVersionDate "2023.10.10"]
[SourceQuality "1"]

1. c4 c5 2. Nf3 Nf6 3. d4 cxd4 4. Nxd4 Nc6 5. Nc3 a6 6. e4 d6 7. Be2 g6 8. Be3 Bg7 9. 0-0 0-0 10. Rc1 Bd7 11. Kh1 h5 12. f3 Rc8 13. Qd2 Kh7 14. Nc2 Be6 15. Nd5 Bxd5 16. exd5 Ne5 17. b3 Qe8 18. a4 Ned7 19. Nd4 Nc5 20. Rce1 Qd8 21. Bd1 e5 22. dxe6 Nxe6 23. Nxe6 fxe6 24. Bg5 Qd7 25. Bc2 Ne8 26. Qe2 e5 27. f4 exf4 28. Qxh5+ Kg8 29. Qxg6 Nf6 30. Bf5 Qc6 31. Be6+ Kh8 32. Rxf4 Nh7 33. Rh4 Bh6 34. Rxh6 Rc7 35. Bf6+ Rxf6 36. Qg8# 1-0

[Event "Fyn-ch"]
[Site "Odense"]
[Date "2008.03.13"]
[Round "7"]
[White "Kiel, Jorgen"]
[Black "Ploug, Kurt"]
[Result "1/2-1/2"]
[WhiteElo "1621"]
[BlackElo "1701"]
[PlyCount "57"]
[EventDate "2008.01.10"]
[EventType "swiss"]
[EventRounds "7"]
[EventCountry "DEN"]
[SourceTitle "EXT 2018"]
[Source "ChessBase"]
[SourceDate "2017.10.13"]
[SourceVersion "1"]
[SourceVersionDate "2017.10.13"]
[SourceQuality "1"]

1. c4 c5 2. Nc3 Nc6 3. g3 b6 4. Bg2 Bb7 5. Nf3 Nd4 6. 0-0 Nxf3+ 7. Bxf3 Bxf3 8. exf3 Nf6 9. d4 cxd4 10. Qxd4 e6 11. Bg5 Be7 12. Qh4 Ng8 13. Bxe7 Nxe7 14. Rfd1 0-0 15. Ne4 Nf5 16. Qh5 g6 17. Qh3 h5 18. Rd3 Rc8 19. Rad1 d6 20. b3 b5 21. cxb5 d5 22. Nd2 Qa5 23. a4 Rc3 24. Qf1 Rfc8 25. Nb1 Rc2 26. R3d2 Qb4 27. Rxc2 Rxc2 28. Qd3 Qc5 29. Rd2 1/2-1/2

[Event "Fyn-ch"]
[Site "Odense"]
[Date "2008.03.06"]
[Round "6"]
[White "Kiel, Jorgen"]
[Black "Furrer, Christian"]
[Result "1-0"]
[WhiteElo "1621"]
[BlackElo "1147"]
[PlyCount "47"]
[EventDate "2008.01.10"]
[EventType "swiss"]
[EventRounds "7"]
[EventCountry "DEN"]
[SourceTitle "EXT 2018"]
[Source "ChessBase"]
[SourceDate "2017.10.13"]
[SourceVersion "1"]
[SourceVersionDate "2017.10.13"]
[SourceQuality "1"]

1. c4 Nf6 2. Nc3 g6 3. g3 Bg7 4. Bg2 0-0 5. d4 d6 6. Bg5 Nbd7 7. Qd2 c6 8. Bh6 Qc7 9. Bxg7 Kxg7 10. e4 e5 11. d5 Rd8 12. Nge2 a5 13. 0-0 Nh5 14. Kh1 Nc5 15. f4 f5 16. fxe5 dxe5 17. Qe3 Na6 18. a3 cxd5 19. Nxd5 Qb8 20. Qg5 Rf8 21. exf5 Rxf5 22. Qe7+ Kh6 23. Ne3 Rxf1+ 24. Rxf1 1-0